000 00806cab a2200265 4500
001 ABS44313
008 090401t1991 xxu||||| |||| 00| 0 eng d
035 _a(Sirsi) u46534
041 _aeng
245 _aRevocation of planning permission
260 _c1991
350 _a0
490 _aEstates Gazette
_v(9109) 9 March 1991, 136 (1)
520 _aThis Mainly for Students article analyses the powers of a local planning authority to revoke an existing planning permission .
650 _aCOMPENSATION
650 _aDEMOLITION
650 _aDISCONTINUANCE ORDER
650 _aENFORCEMENT NOTICES
650 _aLOSS OF PROFITS
650 _aREVOCATION ORDER
650 _aTOWN AND COUNTRY PLANNING ACT 1990
690 _aPLANNING LAW AND PRACTICE
942 _n0
948 _c04/03/1997
999 _c29444
_d29444